000 00229nam a22001097a 4500
040 _cSK
082 _a001
100 _aCHAY KONGKRUY
245 _aResearch method in agroindustry
260 _aPhnom Penh
_bCHA
_c2012
942 _cKB
999 _c10264
_d10264